The marketing of industrial and commercial property

Bibliographic Details
Main Author: Cleaveley, Edward S.
Format: Book
Published: London : The Estates Gazetts Ltd , 1984
Subjects:

MARC

LEADER 00000cam a2200000 7i4500
001 0000001937
005 20240925.0
020 |a 0728200740 
040 |a INS 
090 0 0 |a 658.80028   |b CLE 
100 1 |a Cleaveley, Edward S. 
245 1 4 |a The marketing of industrial and commercial property   |c by Edward S. Cleaveley 
260 |a London :   |b The Estates Gazetts Ltd ,   |c 1984 
300 |a xv,172 :   |b ill ;   |c 22 cm. 
650 0 0 |a Market segmentation 
650 0 0 |a Marketing 
999 |a 0000000439   |b BOOK   |c Open Shelf   |e Default branch